Islam ka khandani nizam / (Record no. 590277)

000 -LEADER
fixed length control field 00746nam a22001697a 4500
020 ## - INTERNATIONAL STANDARD BOOK NUMBER
International Standard Book Number 9789698535155 (HBK)
082 ## - DEWEY DECIMAL CLASSIFICATION NUMBER
Classification number 297.577
Author Mark AHM
100 ## - MAIN ENTRY--PERSONAL NAME
Personal name Assal, Ahmed El.
245 ## - TITLE STATEMENT
Title Islam ka khandani nizam /
Remainder of title Ahmed Al Assal, translated by Amjad Ali Bhatti
260 ## - PUBLICATION, DISTRIBUTION, ETC.
Place of publication, distribution, etc. Islamabad:
Name of publisher, distributor, etc. National University of Sciences and Technology,
Date of publication, distribution, etc. 2015.
300 ## - PHYSICAL DESCRIPTION
Extent 452 p.
650 ## - SUBJECT ADDED ENTRY--TOPICAL TERM
Topical term or geographic name entry element Islam- Family System
880 ## - ALTERNATE GRAPHIC REPRESENTATION
Linkage 100-01\r
Title احمد العسال
880 ## - ALTERNATE GRAPHIC REPRESENTATION
Linkage 245-02\r
Title اسلام کا خاندانی نظام/
b احمد العسال مترجم امجد علی بھٹی
880 ## - ALTERNATE GRAPHIC REPRESENTATION
Linkage 260-03\r
Title اسلام آباد:
b نیشنل یونیورسٹی سائنس اینڈ ٹیکنالوجی اسلام آباد،
c 2015
942 ## - ADDED ENTRY ELEMENTS (KOHA)
Source of classification or shelving scheme
Koha item type Book
650 ## - SUBJECT ADDED ENTRY--TOPICAL TERM
-- 93058
Holdings
Withdrawn status Lost status Source of classification or shelving scheme Damaged status Not for loan Permanent Location Current Location Shelving location Date acquired Full call number Barcode Date last seen Price effective from Koha item type
          Central Library (CL) Central Library (CL) First Floor - Islam 07/05/2022 297.577 AHM CL3439 07/05/2022 07/05/2022 Book
© 2023 Central Library, National University of Sciences and Technology. All Rights Reserved.